[Event "TP 40 Züge 2 Stunden"]
[Site "?"]
[Date "2009.??.??"]
[Round "?"]
[White "Atlanta, Mephisto"]
[Black "Genius 68030, Mephisto"]
[Result "0-1"]
[WhiteElo "2195"]
[BlackElo "2276"]
[Annotator "Thomas Jaeger"]
[PlyCount "134"]
[EventDate "2009.??.??"]

1. c4 Nf6 2. Nf3 e6 3. d4 b6 4. Nc3 Bb7 5. Bg5 h6 6. Bh4 Bb4 7. e3 g5 8. Bg3
Ne4 9. Qc2 {letzter Buchzug Atlanta} Bxc3+ 10. bxc3 d6 11. Bd3 {[%emt 0:00:00]}
Nxg3 {[%eval 0,0] [%emt 0:00:00]} 12. hxg3 Nd7 {letzter Buchzug Genius} 13.
O-O-O g4 14. Ne1 {Atlanta +0,4} Nf6 {Genius +0,06} 15. f3 h5 16. e4 {+0,6} Nd7
17. fxg4 Qg5+ 18. Qd2 {beide sehen sich ca. 0,7 vorne!} Qxg4 19. Qf4 Rg8 20.
Qf3 Qg5+ 21. Rd2 Nf6 22. Rf1 Ke7 23. Qf4 Qxf4 24. Rxf4 Rg4 25. e5 dxe5 26. dxe5
Nd7 {Genius steht jetzt besser. Das sieht auch der Atlanta so} 27. Be2 Rxg3 {?}
(27... Rg7 28. Bxh5 Nxe5 29. Re2 f6 {oder ähnlich, ist besser}) 28. Rxf7+ {Td7
ist wohl besser} Kxf7 29. Rxd7+ Ke8 {Kf8 ist besser} 30. Rxc7 Be4 31. Bxh5+ {
0,00} Kd8 {1,48} 32. Rf7 Rxc3+ 33. Kd2 Rxc4 34. Bg4 Rc5 {?} 35. Nd3 Rc7 36. Rf6
Rg7 37. Bxe6 Kc7 38. Nf4 Bxg2 39. Bc4 Rd7+ 40. Kc3 Bc6 {ab jetzt 1min/Z} 41.
Be6 Rg7 42. Bf5 Rg3+ 43. Kc4 Re8 44. Ne6+ Kb8 45. Kd4 Ra3 46. Bg6 Rc8 47. Bb1
Ra4+ 48. Kc3 Bb7+ 49. Kd2 Rb4 {Ta5!} 50. Bf5 Rb2+ 51. Ke3 Rxa2 52. Rf7 Re8 53.
Rf6 Ra5 54. Kf4 Ra1 55. Bg6 Rh8 56. Bd3 Ra3 57. Bc2 Bd5 58. Bd1 Rh2 {beide
spielen die komplizierte Stellung nicht optimal} 59. Rf8+ Kb7 60. Rf7+ Kc8 61.
Rc7+ {?} Kb8 62. Re7 Rf2+ 63. Kg5 Rg3+ 64. Kh4 Rg8 65. Ng5 Rh2+ 66. Nh3 Rh8+
67. Bh5 Bg2 0-1

[Event "TP 40 Züge 2 Stunden"]
[Site "?"]
[Date "2009.??.??"]
[Round "?"]
[White "Genius 68030, Mephisto"]
[Black "Atlanta, Mephisto"]
[Result "1-0"]
[WhiteElo "2276"]
[BlackElo "2195"]
[Annotator "Thomas Jaeger"]
[PlyCount "98"]
[EventDate "2009.??.??"]

1. e4 e6 2. d4 d5 3. Nc3 Nf6 4. Bg5 Be7 5. e5 Nfd7 6. Bxe7 Qxe7 7. f4 O-O 8.
Nf3 c5 {letzter Buchzug A} 9. dxc5 Nc6 10. Qd2 Nxc5 11. O-O-O {letzter Buchzug
G} Bd7 12. f5 {!? oder eher ?!} d4 13. f6 gxf6 14. exf6 Qxf6 15. Nxd4 Rad8 16.
Qe3 Qe5 17. Qxe5 {G +0,51} Nxe5 {A +0,1 für Weiß} 18. Be2 h6 19. Rhf1 Bc6 20.
g3 Kg7 21. Nxc6 bxc6 22. a3 f6 23. b4 Nb7 24. Ne4 f5 25. Nf2 Rxd1+ 26. Rxd1 f4
{jetzt kommt der Genius in Vorteil} 27. Nd3 Nxd3+ 28. Rxd3 fxg3 29. Rxg3+ Kf6
30. Rc3 Nd8 31. Bf3 Rf7 32. Bxc6 Nxc6 33. Rxc6 Ke5 34. Ra6 Kd5 35. Kd2 Rf2+ 36.
Kc3 Rf3+ (36... Rxh2 37. Rxa7 Rh3+ 38. Kb2 h5 39. a4 {Weiß steht auch klar
besser}) 37. Kb2 Rf7 38. Kb3 Ke5 39. c4 Rh7 {? Atlanta spielt planlos} 40. c5
Rg7 {ab jetzt beide 1 min/Z} 41. Kc4 h5 42. c6 Rc7 43. Kc5 h4 44. b5 h3 45. a4
Rf7 46. b6 axb6+ 47. Kxb6 Rf8 48. c7 Kf4 49. Kb7 e5 1-0

[Event "TP 40 Züge 2 Stunden"]
[Site "?"]
[Date "2009.??.??"]
[Round "?"]
[White "Magellan, Mephisto"]
[Black "Genius 68030, Mephisto"]
[Result "1-0"]
[WhiteElo "2195"]
[BlackElo "2276"]
[Annotator "Thomas Jaeger"]
[PlyCount "55"]
[EventDate "2009.??.??"]

1. c4 e5 2. Nc3 Nf6 3. Nf3 Nc6 4. e3 Be7 5. d4 exd4 6. Nxd4 O-O {letzter
Buchzug} 7. Be2 {letzer Buchzug} Bb4 8. O-O Bxc3 9. bxc3 Re8 10. Nxc6 dxc6 11.
Qc2 Qd6 12. Rd1 Qe5 13. Bd3 Ng4 14. f4 {!? scharf - sieht eigentlich nicht gut
aus, aber...} Qe7 15. Rf1 {sieht wie ein Fehler aus} Nxe3 16. Bxh7+ Kh8 17.
Bxe3 Qxe3+ 18. Kh1 g6 {? aber schwer zu sehen} (18... Bg4 19. Bf5 Qe2 20. Qxe2
Bxe2 21. Rfb1 g6 22. Bh3 Rab8 23. c5) 19. Bxg6 fxg6 20. Qxg6 Re6 21. Qh5+ Kg7
22. f5 {!} Rh6 23. Qg4+ Kf7 24. Rae1 Qd3 25. Rf4 Qd6 {übersieht den nächsten
Zug} 26. Re6 Qd3 27. h4 Qxc3 28. Rxh6 {Genius - 8,84 Tolle Partie, des Magellan
} 1-0

[Event "TP 40 Züge 2 Stunden"]
[Site "?"]
[Date "2009.??.??"]
[Round "?"]
[White "Genius 68030, Mephisto"]
[Black "Magellan, Mephisto"]
[Result "1/2-1/2"]
[WhiteElo "2276"]
[BlackElo "2195"]
[Annotator "Thomas Jaeger"]
[PlyCount "117"]
[EventDate "2009.??.??"]

1. d4 d5 2. c4 e6 3. Nc3 Nf6 4. Bg5 Be7 5. e3 O-O 6. Nf3 Nbd7 7. Rc1 c6 8. Bd3
dxc4 9. Bxc4 Nd5 10. Bxe7 Qxe7 11. Ne4 e5 {letzter Buchzug M} 12. O-O exd4 13.
Qxd4 N7f6 14. Ng3 {letzter Buchzug G - Hat Weiß hier überhaupt Vorteil?} Rd8
15. Bb3 Be6 16. Ne4 Nxe4 17. Qxe4 Nf6 18. Qc2 Bxb3 19. Qxb3 Rd7 20. Rfd1 Rad8
21. Rxd7 Qxd7 22. h3 h6 23. Qa4 a6 24. Qb4 Nd5 25. Qb3 g5 26. Rd1 f5 {Maggi
schwächt seine Stellung} 27. Qc2 Kg7 28. h4 g4 29. Nd4 Kf6 30. e4 fxe4 31. Qxe4
Re8 32. Qc2 Re5 33. Qd2 Kg7 34. Re1 Rxe1+ 35. Qxe1 Kf6 36. Qe4 h5 37. a4 b6 38.
f4 gxf3 39. Qxf3+ Ke5 40. Qd3 Nf6 {ab jetzt 1 min/ Z} 41. Nf3+ Kf4 42. Qc4+ Kf5
43. Qxa6 {?! nicht so gut} Qd1+ 44. Qf1 Qxa4 45. b3 Qf4 46. Nd4+ Kg4 47. Qxf4+
Kxf4 48. Nxc6 Kg3 49. Ne5 b5 50. Nf3 b4 51. Ne5 Nd5 52. Nd3 Ne3 53. Nxb4 Nxg2
54. Nd5 Nxh4 55. b4 Nf3+ 56. Kh1 Nd4 57. Nc3 h4 58. b5 Nxb5 59. Nxb5 1/2-1/2

[Event "TP 40 Züge 2 Stunden"]
[Site "?"]
[Date "2009.??.??"]
[Round "?"]
[White "Star Diamond, Novag"]
[Black "Genius 68030, Mephisto"]
[Result "1/2-1/2"]
[WhiteElo "2161"]
[BlackElo "2276"]
[Annotator "Thomas Jaeger"]
[PlyCount "148"]
[EventDate "2009.??.??"]

1. e4 e6 2. d4 d5 3. Nd2 dxe4 4. Nxe4 Be7 5. Nf3 Nd7 6. Bd3 Ngf6 7. O-O Nxe4 8.
Bxe4 c5 9. dxc5 {letzter Buchzug} Nxc5 {letzter Buchzug} 10. Qe2 Nxe4 11. Qxe4
O-O 12. Be3 Qc7 13. Rfd1 Bd7 14. Bf4 Qc6 15. Qxc6 Bxc6 16. Ne5 Bf6 17. Nxc6
bxc6 18. c3 Rfd8 19. Kf1 Rd5 20. Ke2 a6 21. Rd2 e5 22. Be3 Rad8 23. Rad1 e4 24.
f3 exf3+ 25. Kxf3 Rf5+ 26. Kg4 Rxd2 27. Rxd2 Ra5 28. a3 h5+ 29. Kf3 Rf5+ 30.
Ke2 Re5 {Star Dia steht minimal besser} 31. Kd3 Kh7 32. Bd4 Rd5 33. Ke4 Kg6 34.
c4 {Fritz 11 und Genius halten den Zug für nicht so gut} Rd8 35. b4 Bg5 36. Rd1
a5 37. Rd3 a4 38. Rd1 f5+ 39. Kd3 Bf6 40. Kc3 Kf7 {1min/Z beim Star Dia auf 1H
für den Rest gewechselt, da er sofort zog.} 41. Rd3 Be7 42. Bb6 Rxd3+ 43. Kxd3
Ke6 44. Bd4 g6 45. h3 h4 46. Bh8 g5 47. Bb2 g4 48. Bc1 Kd6 49. Be3 Ke5 50. Bb6
gxh3 51. Bd4+ {? der Fehler in ausgeglichener Stellung} Kf4 52. gxh3 Kf3 {
Genius revanchiert sich mit einem Fehler} 53. Be5 Kg2 54. b5 cxb5 55. cxb5 Bd8
56. Ke3 {! lange wollte SD Ld4 spielen -Das verliert} Bb6+ 57. Ke2 Ba7 (57...
Bc5 58. Bc7 Bxa3 59. b6 Bc5 60. b7 Ba7 61. b8=Q Bxb8 62. Bxb8 a3 63. Ke3 a2 64.
Be5 Kxh3 65. Kf3 f4 66. Ba1 Kh2 67. Kf2 h3 68. Be5 Kh1 69. Ba1 h2 70. Bh8 f3
71. Ba1) 58. Bc7 Bf2 59. Bf4 Bg3 60. Ke3 Be1 61. Bc7 {einfach Ke2 mit remis!}
Bf2+ 62. Kd3 {!} (62. Ke2 Bg3 63. b6 f4 64. Kd2 f3 65. Bxg3 hxg3 66. b7 f2 67.
b8=Q f1=Q 68. Qe5 Qf2+ {gewinnt}) 62... Kxh3 63. b6 Bxb6 64. Bxb6 Kg2 65. Bc7
Kf3 66. Bh2 {!} h3 67. Kd4 Kg2 68. Bf4 h2 69. Bxh2 Kxh2 70. Ke5 {plötzlich
sieht SD hinten, da er seiht, dass S a3 erobert!} Kg3 71. Kxf5 Kf3 {jetzt
sieht SD das Remis} 72. Ke5 Ke3 73. Kf5 {sieht wie ein Fehler aus, ist es aber
nicht} Kd4 74. Kf4 {beide sehen seit Zügen das remis} Kd3 1/2-1/2

[Event "TP 40 Züge 2 Stunden"]
[Site "?"]
[Date "2009.??.??"]
[Round "?"]
[White "Genius 68030, Mephisto"]
[Black "Star Diamond, Novag"]
[Result "1-0"]
[WhiteElo "2276"]
[BlackElo "2161"]
[Annotator "Thomas Jaeger"]
[PlyCount "117"]
[EventDate "2009.??.??"]

1. e4 c5 2. c3 Nf6 3. e5 Nd5 4. d4 cxd4 5. Qxd4 e6 6. Nf3 Nc6 7. Qe4 d6 8. Nbd2
dxe5 9. Nxe5 Nxe5 10. Qxe5 Qd6 11. Bb5+ Bd7 12. Bxd7+ Qxd7 {letzter Buchzug}
13. Nf3 O-O-O {!?} 14. O-O Bd6 {!? PSH !? jetzt wird es spannend} 15. Qxg7 {G
+0,37} Qc7 {SD sieht sich -0,69 trotzdem wurde das Bauernopfer gemacht!?} 16.
Ng5 {?! Genius spielte sofort, da Dc7 erwartet wurde} Rhf8 {SD verpasst eine
gute Chance mit Lh2} (16... Bxh2+ 17. Kh1 h6 18. Nf3 Bd6) 17. h3 Nf4 18. Bxf4
Bxf4 19. Nf3 h6 20. Rad1 Kb8 21. Rfe1 Rg8 22. Rxd8+ Rxd8 23. a3 Rd3 24. Qf6 a6
25. Qh8+ Rd8 26. Qh7 Ka8 27. Qg7 Rd3 28. Qh8+ Rd8 29. Qh7 Kb8 30. a4 Rd7 31. g3
Bd6 32. Kg2 Qc6 33. Qxh6 Qxa4 34. Qh8+ Ka7 35. Qd4+ Qxd4 36. Nxd4 Bc5 37. Nf3
Kb8 38. h4 Kc7 39. h5 Bf8 40. g4 Rd5 {Rest in je 60 min} 41. Ne5 Rd2 42. Nxf7
Bc5 43. Rf1 Rxb2 44. h6 Bf8 45. h7 Bg7 46. Rd1 a5 47. Ra1 b5 48. Rxa5 Bxc3 49.
Ra7+ Kc6 50. Re7 Kd5 51. Rd7+ Kc6 52. Rd6+ Kc5 53. Rxe6 Bg7 54. g5 Rb4 55. Rg6
Bc3 56. Rh6 Kd5 57. Kg3 Rb3 58. f4 Ra3 59. Kg4 1-0

[Event "TP 40 Züge 2 Stunden"]
[Site "?"]
[Date "2009.??.??"]
[Round "?"]
[White "Atlanta, Mephisto"]
[Black "Star Diamond, Novag"]
[Result "1-0"]
[WhiteElo "2195"]
[BlackElo "2161"]
[Annotator "Thomas Jaeger"]
[PlyCount "77"]
[EventDate "2009.??.??"]

1. e4 e5 2. Bc4 Nf6 3. d3 {letzter Buchzug} Nc6 4. Nf3 Be7 5. O-O O-O 6. c3 d6
{letzter Buchzug} 7. b4 Bg4 8. a4 Qd7 9. Bg5 h6 10. Be3 Be6 11. Bxe6 {+0,4}
Qxe6 {-0,5} 12. Re1 Ng4 13. Bc1 f5 14. exf5 Qxf5 15. Ra2 Qe6 16. Rd2 a5 {?} 17.
d4 Qg6 18. b5 Nxd4 19. Nxd4 Rxf2 {mit - 1,61 gespielt SD sieht sich also klar
hinten} (19... exd4 20. Rxe7 Nxf2 21. Rxf2 Rxf2 22. Kxf2 Qf6+ {=}) 20. Rxf2
Nxf2 21. Qb3+ Kh8 22. Kxf2 exd4 23. cxd4 Bf6 {Df6} 24. Be3 Qg4 25. Qd1 Qh4+ 26.
Kg1 Re8 27. g3 Qh3 28. Nc3 c6 29. Bf2 Rb8 30. Qb3 Rf8 31. bxc6 bxc6 32. Qb6 Qd7
33. Qxa5 Bd8 34. Qh5 Kh7 35. d5 g6 36. Qe2 Qg7 37. Qc4 Qf7 38. Rf1 cxd5 39.
Nxd5 {Atlanta gewinnt leicht} 1-0

[Event "TP 40 Züge 2 Stunden"]
[Site "?"]
[Date "2009.??.??"]
[Round "?"]
[White "Star Diamond, Novag"]
[Black "Atlanta, Mephisto"]
[Result "1/2-1/2"]
[WhiteElo "2161"]
[BlackElo "2195"]
[Annotator "Thomas Jaeger"]
[PlyCount "52"]
[EventDate "2009.??.??"]

1. e4 c6 2. d4 d5 3. exd5 cxd5 4. c4 Nf6 5. Nc3 e6 6. Nf3 Be7 7. cxd5 Nxd5 8.
Bd3 Nc6 9. O-O O-O 10. Re1 Bf6 11. Be4 Nce7 12. Ne5 g6 {letzter Buchzug} 13.
Bh6 {letzter Buchzug} Re8 14. Qf3 Bxe5 15. dxe5 Nxc3 16. Qxc3 {sieht bc3 nicht
besser aus?} Nf5 17. Rad1 Qh4 18. Bc1 a5 19. Qc7 a4 20. Bxb7 {? danach ist ein
großer Teil des Vorteils weg!} Bxb7 21. Qxb7 Qc4 22. Rd7 Rab8 23. Qc7 Qxa2 24.
Rxf7 Rec8 25. Qa7 Ra8 26. Qb7 Rab8 1/2-1/2

[Event "TP 40 Züge 2 Stunden"]
[Site "?"]
[Date "2009.??.??"]
[Round "?"]
[White "Magellan, Mephisto"]
[Black "Star Diamond, Novag"]
[Result "0-1"]
[WhiteElo "2195"]
[BlackElo "2161"]
[Annotator "Thomas Jaeger"]
[PlyCount "130"]
[EventDate "2009.??.??"]

1. e4 e5 2. Nf3 Nc6 3. d4 exd4 4. Bc4 Nf6 5. O-O Nxe4 6. Re1 d5 7. Bxd5 Qxd5 8.
Nc3 Qa5 9. Nxe4 Be6 10. Neg5 O-O-O 11. Nxe6 fxe6 12. Rxe6 Bd6 {letzter Buchzug}
13. Qe2 Qh5 14. h3 Rhe8 15. Bd2 Ne5 {SD spielt gut M noch aus dem Buch!!} 16.
Rxe8 {letzter Buchzug M} Rxe8 17. Nxd4 Qxe2 18. Nxe2 Nc4 19. Be3 Nxb2 20. Kf1
Nc4 21. Bd4 Re7 22. Bc3 Be5 23. Bxe5 Rxe5 24. Rd1 Nd6 25. Rd3 Kd7 26. f4 {
[%eval -32767,0] hat für die 10 Z 75 min verbraucht!} Rb5 27. a3 Rb1+ 28. Kf2
Ke7 {Tb2!} 29. Nc3 Rc1 30. Nd5+ Kd7 31. Ne3 Ke6 32. g4 c6 33. Ke2 Ra1 34. h4
Rb1 35. h5 Rh1 36. Kf3 h6 37. c3 Ra1 38. Rd2 b5 39. f5+ Ke7 {beide spielten
planlos. Jetzt hat der Magellan zu viele Schwächen} 40. f6+ {Der Maggi hatte
hier die 2 h fast voll ausgenutzt und musste jetzt ziehen. Ab jetzt beide 60
min für den Rest} gxf6 41. Re2 Kd7 42. Rd2 Kc7 43. Nc2 Ra2 44. Re2 a5 45. Kf4
Nc4 46. Nd4 Rxe2 47. Nxe2 Nxa3 48. Kf5 b4 49. cxb4 axb4 50. Nc1 c5 51. Kxf6 c4
52. Na2 b3 53. Nc3 Kc6 54. g5 Nb5 55. gxh6 Nxc3 56. h7 Ne4+ 57. Ke7 {Kf5 ist
wohl besser} b2 58. h6 {sieht lustig aus, aber kommt wohl auf gas Gleiche
heraus} b1=Q 59. h8=Q Qb7+ 60. Ke6 c3 61. Qe8+ Kc5 62. Qh5+ Kb4 63. h7 Qxh7 64.
Qd1 Qg6+ 65. Ke5 Qd6+ 0-1

[Event "TP 40 Züge 2 Stunden"]
[Site "?"]
[Date "2009.??.??"]
[Round "?"]
[White "Star Diamond, Novag"]
[Black "Magellan, Mephisto"]
[Result "0-1"]
[WhiteElo "2161"]
[BlackElo "2195"]
[Annotator "Thomas Jaeger"]
[PlyCount "64"]
[EventDate "2009.??.??"]

1. d4 d5 2. c4 c6 3. Nc3 Nf6 4. e3 e6 5. Nf3 Nbd7 6. Bd3 Bd6 7. e4 dxe4 8. Nxe4
Nxe4 9. Bxe4 O-O 10. O-O c5 11. Bc2 {letzter Buchzug} Qc7 {letzter Buchzug} 12.
Re1 cxd4 13. Qxd4 e5 14. Qe4 f5 {typisch Magellan} 15. Qd5+ Kh8 16. Rd1 Bc5 17.
Qd2 Nf6 18. b4 Ne4 19. Bxe4 fxe4 20. bxc5 exf3 21. Qd6 Qf7 22. g3 Be6 23. Qxe5
Bxc4 24. Bf4 Rfe8 25. Qc3 Be2 26. Rd6 Qf5 27. Kh1 Rac8 28. c6 Bb5 29. c7 {?}
Rxc7 {!} 30. Qa3 {verrechnet sich wieder} Rc2 31. Rd2 {?} (31. Qxf3 Bc6 (31...
g5 32. Qxb7 gxf4) 32. Rxc6 bxc6) 31... Qh3 32. Rg1 Rc5 {! SD gibt mit Df3 auf}
0-1

[Event "TP 40 Züge 2 Stunden"]
[Site "?"]
[Date "2009.??.??"]
[Round "?"]
[White "Magellan, Mephisto"]
[Black "Atlanta, Mephisto"]
[Result "0-1"]
[WhiteElo "2195"]
[BlackElo "2195"]
[Annotator "Thomas Jaeger"]
[PlyCount "162"]
[EventDate "2009.??.??"]

1. e4 e5 2. Nf3 Nc6 3. d4 exd4 4. c3 d3 5. Bxd3 d6 6. h3 Nf6 7. O-O Be7 8. Nd4
O-O 9. Nd2 Re8 {letzter Buchzug} 10. f4 {letzter Buchzug} Nxd4 11. cxd4 c6 12.
Re1 d5 13. e5 Nd7 14. Qh5 Nf8 15. Nf3 c5 16. Be3 cxd4 17. Nxd4 Bc5 {Beide
sahen in den letzten Zügen Schwarz leicht vorne!? Weiß steht aber wohl besser}
18. Nb5 Bxe3+ 19. Rxe3 Qb6 20. Rae1 Be6 21. Nd6 Red8 22. b3 (22. f5 g6 23. Qg4
Bd7 24. b3 {+-}) 22... g6 23. Qf3 Rd7 24. Qg3 d4 25. R3e2 Bd5 {Fritz 11 schlug
Txd6 vor und sieht Weiß 1,63 vorne} 26. Bf5 {?!} (26. f5 Rc7 27. Rf2 Rd8 28.
Qh4 Rc3 29. Rd1 a6 30. Rf4 {klar besser für Weiß}) 26... Rc7 27. Rd2 Rc3 28.
Bd3 Rd8 29. f5 {jetzt doch!} f6 30. Nc4 Bxc4 31. Bxc4+ Kh8 32. Qf4 g5 33. Qe4
d3+ 34. Kh1 Nd7 35. exf6 Nxf6 36. Qe7 {?!} Re8 37. Qxe8+ Nxe8 38. Rxe8+ Kg7 {
jetzt steht eher Schwarz besser} 39. Rd1 {Td3 sieht okay aus} Qf2 40. Re7+ Kf8
41. Rf7+ Ke8 42. f6 d2 {ab jetzt 60 min für den Rest} 43. Re7+ Kd8 44. Re2 Qxf6
45. Rexd2+ Kc8 46. Rf1 Qe5 47. Rd5 Qe7 48. Rdf5 Qe3 49. Rf8+ Kc7 50. R8f7+ Kb6
51. R1f6+ Ka5 52. Rf3 Qe1+ 53. Rf1 Qe4 54. R1f5+ Kb4 55. Rb5+ Ka3 56. Ra5+ Kb2
57. Rf2+ Rc2 58. Rxc2+ Qxc2 59. Rxa7 b5 60. Bxb5 {? danach ist Weiß verloren!}
Qd1+ 61. Kh2 Qd6+ 62. Kh1 Qb6 63. Rf7 Qxb5 64. Rf2+ Ka3 65. g4 Kb4 66. Kg2 Qd5+
67. Kg3 Qe5+ 68. Kg2 h6 69. Kf3 Kc3 70. Kg2 Qd5+ 71. Rf3+ Kd4 72. Kg3 Qa8 73.
Rf2 Ke3 74. Rc2 Qe4 75. Rc3+ Ke2 76. Rc8 Qe5+ 77. Kg2 Qd5+ 78. Kg1 Qd2 79. Rf8
Qd4+ 80. Kg2 Qd5+ 81. Kh2 Qd6+ 0-1

[Event "TP 40 Züge 2 Stunden"]
[Site "?"]
[Date "2009.??.??"]
[Round "?"]
[White "Atlanta, Mephisto"]
[Black "Magellan, Mephisto"]
[Result "1-0"]
[WhiteElo "2195"]
[BlackElo "2195"]
[Annotator "Thomas Jaeger"]
[PlyCount "113"]
[EventDate "2009.??.??"]

1. e4 {[%emt 0:00:00]} c5 {[%eval 0,0] [%emt 0:00:00]} 2. c3 Nf6 3. e5 Nd5 4.
d4 cxd4 5. cxd4 d6 6. Nf3 Nc6 7. Bc4 Nb6 8. Bb5 dxe5 9. Nxe5 Bd7 10. Bxc6 Bxc6
11. Nxc6 bxc6 12. O-O {letzer Buchzug} e6 {letzter Buchzug} 13. Qg4 Nd5 14. Rd1
g6 15. b3 Bg7 16. Ba3 Qa5 17. Bc5 Rc8 18. Nd2 Rd8 19. a3 Qc7 20. Nc4 a6 21.
Rac1 Bh6 {Atlanta hat bis hier 60 min und somit doppelt so viel Zeit wie der
Magellan verbraucht. Steht aber klar besser} 22. Rc2 Bf4 23. Ne5 Rb8 24. b4 Rd8
25. Re1 Bh6 26. Qh3 Bg7 27. Qb3 Bf6 28. Qa4 Bxe5 29. dxe5 Qb7 30. Bd6 Qb5 31.
Qb3 Rc8 32. a4 Qb7 33. Rec1 Kd7 34. Qf3 f5 35. Rd1 Rcd8 36. Rc4 h6 37. Qh3 Rde8
38. Kh1 Rh7 39. Bc5 Rd8 40. Rh4 Rdh8 {Magellan verteitigt sich umsichtig - ab
jetzt 60min für den Rest} 41. Bd6 g5 {!? oder ?!} 42. Rc4 Nb6 43. Qd3 Nd5 (
43... Nxc4 44. Bf8+ Ke8 45. Qd8+ Kf7 46. Qf6+ Kg8 47. Rd8 Qc7 48. Qg6+ Rg7 49.
Bxg7+ Qxd8 50. Bxh6#) 44. Qd4 Qb6 45. Rc5 Qb7 46. Rdc1 Ra8 {!} (46... Rc8 47.
b5 axb5 48. axb5 Ke8 49. Qd1 Kf7 50. bxc6 Qb2) 47. Rxc6 Qxc6 48. Rxc6 Kxc6 49.
g4 {!?} fxg4 50. Qd3 Rg7 (50... Rhh8 51. b5+ Kb7 52. Qb1 a5 53. Qg6 Rac8) 51.
b5+ Kd7 52. bxa6 h5 53. Bf8 Rf7 (53... Rxf8 54. Qb5+ Kd8 55. Qb8+ Ke7 56. Qb7+
Ke8 57. Qxg7 Rxf2) 54. Bc5 Rc8 55. a7 Kd8 56. Qa6 Rxa7 57. Qxa7 1-0

[Event "TP 40 Züge 2 Stunden"]
[Site "?"]
[Date "2009.??.??"]
[Round "?"]
[White "Magellan, Mephisto"]
[Black "Lyon 68020, Mephisto"]
[Result "0-1"]
[WhiteElo "2195"]
[BlackElo "2169"]
[Annotator "Thomas Jaeger"]
[PlyCount "168"]
[EventDate "2009.??.??"]

1. d4 d5 2. Nf3 Nf6 3. Bf4 {letzter Buchzug} c6 4. Nbd2 Qb6 5. Nb3 a5 {letzter
Buchzug} 6. Rb1 a4 7. Nbd2 c5 8. dxc5 Qxc5 9. e3 Nc6 10. Bd3 Bg4 11. h3 Bh5 12.
g4 Bg6 13. Ne5 e6 14. Nxg6 hxg6 15. c3 {[%eval -32767,0] hat hier schon 40 min
verbraucht L nur 15 min} Be7 16. e4 dxe4 17. Nxe4 Nxe4 18. Bxe4 O-O 19. Qe2
Rfd8 20. O-O Bd6 21. Bxd6 Rxd6 22. Rbd1 Rxd1 23. Rxd1 a3 24. Rd7 axb2 25. Qxb2
Ra4 26. Bh1 {der Läufer spielt danach eine traurige Rolle!} Qe5 27. Rxb7 Qe1+
28. Kg2 Qe4+ 29. f3 Qe3 30. Qc2 Rc4 31. Qf2 Qxc3 32. Rc7 Ne5 33. Rxc4 Nxc4 34.
h4 Qa3 35. Qe2 Qc1 36. Kh2 Ne3 37. a4 Nd5 38. Qe4 Qc7+ 39. Kg2 Qa7 40. Kf1 Nc3
{ab jetzt 60 min für den Rest} 41. Qc6 Nxa4 42. Ke2 Kh7 43. Qc2 Qd4 44. h5 Nc3+
45. Kf1 f5 {! ich erwartete D1 vom Lyon, aber er will die Damen nicht tauschen}
46. hxg6+ Kxg6 47. gxf5+ exf5 48. Qf2 Qd3+ 49. Kg2 Ne2 50. Qb6+ Kh7 51. Qb4 Qe3
52. Qh4+ Kg6 53. Kf1 Nf4 54. Qe1 Qd3+ 55. Kf2 Qd4+ 56. Kf1 Kf7 57. Qh4 Qe3 58.
Qe1 Qd3+ 59. Kf2 Qc2+ 60. Kg3 Nd3 {[%eval -32767,0] Restzeit 30 min L 45 min}
61. Qf1 g5 62. Bg2 Qc7+ 63. f4 Nxf4 64. Bf3 Nd5+ {?} (64... g4 65. Bxg4 Nh5+
66. Kg2 Qg3+ 67. Kh1 Qxg4) 65. Kf2 Qb6+ 66. Kg3 Qd6+ 67. Kf2 Qc5+ 68. Kg3 Qc3
69. Qh3 Qe5+ 70. Kf2 Qd4+ 71. Kf1 Qa1+ 72. Kf2 Qa7+ 73. Kf1 Qa6+ 74. Kg1 Qb6+
75. Kf1 Qb1+ 76. Kf2 Kg7 77. Qg2 Qb2+ 78. Kg1 Qxg2+ 79. Kxg2 Ne3+ 80. Kf2 f4
81. Ke2 Kf6 82. Kd3 g4 83. Bxg4 {?} Nxg4 84. Ke4 Kg5 0-1

[Event "TP 40 Züge 2 Stunden"]
[Site "?"]
[Date "2009.??.??"]
[Round "?"]
[White "Lyon 68020, Mephisto"]
[Black "Magellan, Mephisto"]
[Result "1/2-1/2"]
[WhiteElo "2169"]
[BlackElo "2195"]
[Annotator "Thomas Jaeger"]
[PlyCount "132"]
[EventDate "2009.??.??"]

1. c4 c6 2. e4 d5 3. cxd5 cxd5 4. exd5 Nf6 5. Nc3 Nxd5 6. d4 e6 7. Nf3 Bb4 8.
Bd2 {letzter Buchzug} Nc6 {letzter Buchzug} 9. Bd3 Be7 10. O-O O-O 11. a3 Nf6
12. Be3 b6 13. Qc2 Bb7 14. Ne4 Nd5 15. Nc3 h6 16. Nxd5 exd5 17. Bb5 Rc8 18. Qf5
Re8 19. Bd3 g6 20. Qh3 h5 21. Qg3 Bf8 22. Rfe1 Bg7 23. Rac1 Qd7 24. b4 Qg4 25.
h3 Qxg3 26. fxg3 f5 27. Kf2 Re7 28. Bb5 Kf7 29. Ba4 a6 30. Bb3 Na7 31. Ne5+
Bxe5 32. dxe5 Rxe5 33. Bxb6 Rxe1 34. Rxe1 Nb5 35. Bc5 Bc6 36. Rc1 Nxa3 37. Ra1
Nc4 38. Rxa6 Bb5 39. Ra7+ Kf6 40. Ra1 Re8 {jetzt 60 min für den Rest} 41. Rd1
Bc6 42. b5 Bxb5 43. Rxd5 Re4 44. Bd4+ Ne5 45. Rd6+ {Kg1 nebst Kh2} (45. Kg1
Re1+ 46. Kh2 Re4 47. Bc2 Rxd4 48. Rxd4) 45... Kg7 46. Rd8 Kh7 47. Bc3 Kh6 {? ?}
(47... Re2+ 48. Kg1 Re3 49. Rc8 g5 50. Rc5 Nd7 51. Rxb5 Rxc3 52. Be6 Nc5 53.
Bxf5+ Kg7 54. Kf2 Kf6) (47... Nd3+ 48. Kg1 Re8 49. Rxe8 Bxe8) 48. Rd5 (48. Rb8
Nd3+ 49. Kg1 Bc4 50. Rh8+ Kg5 51. Bd1 h4 52. gxh4+ Rxh4 53. Bf6+ Kxf6 54. Rxh4)
48... Bc4 49. Bxc4 Nxc4 50. Rc5 Nd6 51. Rc6 Nc4 52. Bf6 Ne3 53. Rc8 g5 54. Rc6
Nd1+ 55. Kf1 f4 56. Bd8+ Kg7 57. Rc5 g4 58. Rxh5 Ne3+ 59. Kg1 fxg3 60. Bc7 Kg6
61. Rh4 Ra4 62. Bxg3 Ra2 63. Be5 Rxg2+ 64. Kh1 Kg5 65. Rxg4+ Nxg4 {Magellan -1,
7 sieht also sich vorne!!!!} 66. Kxg2 Nxe5 1/2-1/2

[Event "TP 40 Züge 2 Stunden"]
[Site "?"]
[Date "2009.??.??"]
[Round "?"]
[White "Atlanta, Mephisto"]
[Black "Lyon 68020, Mephisto"]
[Result "1-0"]
[WhiteElo "2195"]
[BlackElo "2169"]
[Annotator "Thomas Jaeger"]
[PlyCount "151"]
[EventDate "2009.??.??"]

1. d4 d5 2. c4 c6 3. Nf3 Nf6 4. cxd5 cxd5 5. Nc3 Nc6 6. Bf4 Bf5 7. e3 e6 8. Bb5
Nd7 9. O-O {letzter Buchzug} Rc8 {letzter Buchzug} 10. Bg5 Be7 11. Bxe7 Qxe7
12. Rc1 O-O 13. a3 Nb6 14. Na4 Nd7 15. b4 Qf6 16. Nc3 a6 17. Be2 Ne7 18. a4 Qg6
19. b5 a5 20. Kh1 b6 21. Nh4 Qg5 22. Nxf5 Nxf5 23. Bd3 Nh4 24. Rg1 Nf6 25. Rc2
Ng6 26. Qf3 Rfd8 27. Rgc1 Ne7 28. Be2 Qg6 29. Qf4 h6 30. Bd1 Qd3 31. Kg1 Ng6
32. Qg3 Ne7 33. Be2 Qh7 34. h3 Kf8 35. Bd1 Qf5 36. Kh1 Qd3 37. Be2 Qh7 38. Qh2
Qg6 39. Bd1 Qg5 40. Bf3 Qf5 {jetzt 60 min für den Rest. Atlanta sieht sich ca.
0,8 vorne} 41. Qg3 Qh7 42. Qe5 Qg6 43. Bd1 Qd3 44. Be2 Qg6 45. Kh2 Kg8 46. Qf4
Kh8 47. Bd1 Qd3 48. Qe5 Kg8 49. Kg1 Kh7 50. Qg3 Nf5 (50... Ne4 51. Nxe4 dxe4)
51. Qf4 Nd6 52. Be2 Qg6 53. Rd1 Nh5 54. Qf3 Kg8 55. Bd3 Qg5 56. Rdc1 Nf6 57.
Qd1 Rf8 58. Ne2 Qh4 {? jetzt kommt der Atlanta über C-Linier klar in Vorteil} (
58... Rxc2 59. Rxc2 Nfe4 60. Rc6 Rb8 61. Qc1 Qd8) 59. Rxc8 Nxc8 60. Nf4 Nd6 {?}
61. g3 Qg5 62. Rc6 Nc8 63. Qc2 Ne7 64. Rxb6 Rc8 65. Qb1 h5 66. h4 Qg4 67. Qe1
Kf8 68. Be2 Qf5 69. Qxa5 Qb1+ 70. Kg2 g6 71. Rb7 Ne4 72. Bd3 Qb2 73. Bxe4 dxe4
74. b6 Rc2 75. Qg5 Qb4 76. Qf6 {Lyon gibt auf} 1-0